000 00922cam a2200277 4500
008 090401t1996 xxu||||| |||| 00| 0 eng d
020 _a0582243130
035 _a(Sirsi) u60886
041 _aeng
050 _a333.73
100 _aHarris, James
245 _aLand restoration and reclamation : prinicples and practice.
260 _aHarlow, Essex
_bAddison Wesley Longman
_c1996
300 _axiv,230p. ; 24cm.
350 _a20.99
520 _aProvides a current and practical framework for land restoration and reclamation for both green field and industrial sites, examining such aspects as site assessment and habitat management.
650 _aDERELICT LAND
650 _aLAND RECLAMATION
650 _aLAND RESTORATION
650 _aSustainability
_96271
690 _aENVIRONMENTAL AND LAND CONSULTANCY
700 _aBirch, Paul
700 _aPalmer, John
942 _n0
948 _c04/03/1997
999 _c94262
_d94262